La violencia escolar : (Record no. 143722)

MARC details
000 -CABECERA
campo de control de longitud fija 00765nam a2200217 u 4500
005 - FECHA Y HORA DE LA ÚLTIMA TRANSACCIÓN
campo de control 20221112063533.0
008 - ELEMENTOS DE LONGITUD FIJA--INFORMACIÓN GENERAL
campo de control de longitud fija 090703s2006 r 000 0 eng d
020 ## - NÚMERO INTERNACIONAL NORMALIZADO PARA LIBROS
Número Internacional Estándar del Libro 9562404943
035 ## - NÚMERO DE CONTROL DEL SISTEMA
Número de control de sistema UPN01000171617
049 ## - COLECCIÓN
Colección CG
050 #4 - SIGNATURA TOPOGRÁFICA DE LA BIBLIOTECA DEL CONGRESO
Número de clasificación LB3013.3
Número de documento/Ítem M4.8
100 1# - ASIENTO PRINCIPAL--NOMBRE PERSONAL
Nombre de persona Merino Fernández, José V.
245 13 - MENCIÓN DE TÍTULO
Título La violencia escolar :
Resto del título análisis y propuestas de intervención socioeducativas /
Mención de responsabilidad, etc. José V. Merino Fernández.
260 ## - PUBLICACIÓN, DISTRIBUCIÓN, ETC.
Lugar de publicación, distribución, etc. Santiago de Chile :
Nombre del editor, distribuidor, etc. Arrayán,
Fecha de publicación, distribución, etc. 2006.
300 ## - DESCRIPCIÓN FÍSICA
Extensión 175 p.
440 #0 - MENCIÓN DE SERIE/ASIENTO SECUNDARIO--TÍTULO
Título Perfeccionamiento docente.
Nombre de parte o sección de la obra Teoría para la práctica
650 #7 - ASIENTO SECUNDARIO DE MATERIA - TERMINO TEMATICO
Término de materia o nombre geográfico como elemento de entrada Violencia escolar
Subdivisión general Prevención
Fuente del encabezamiento o término
9 (RLIN) 12851
650 #4 - ASIENTO SECUNDARIO DE MATERIA - TERMINO TEMATICO
Término de materia o nombre geográfico como elemento de entrada VIOLENCIA ESCOLAR -
Subdivisión general ASPECTOS SOCIALES
9 (RLIN) 6859
650 #4 - ASIENTO SECUNDARIO DE MATERIA - TERMINO TEMATICO
Término de materia o nombre geográfico como elemento de entrada RELACIONES INTERPERSONALES EN NIÑOS
9 (RLIN) 10513
905 ## - TIPO DE MATERIAL
Tipo de material Libro
Holdings
Estado de retiro Estado de pérdida Fuente del sistema de clasificación o colocación Estado dañado No para préstamo Código de colección Localización permanente Ubicación/localización actual Ubicación en estantería Fecha de adquisición Total de préstamos Clasificación Código de barras Fecha visto por última vez Fecha del último préstamo Número de copia Tipo de ítem Koha
    Library of Congress Classification     Colección General Bib. Gregorio Torres Quintero Bib. Gregorio Torres Quintero Planta baja 24/10/2023 95 LB3013.3 M4.8 266237 27/11/2023 16/11/2023 1 Libro
    Library of Congress Classification     Colección General Bib. Gregorio Torres Quintero Bib. Gregorio Torres Quintero Planta baja 29/09/2022 71 LB3013.3 M4.8 266145 16/05/2024 25/04/2024 1 Libro
    Library of Congress Classification     Colección General Bib. Gregorio Torres Quintero Bib. Gregorio Torres Quintero Planta baja   62 LB3013.3 M4.8 272416 31/12/2020   1 Libro
    Library of Congress Classification   En restauración Colección General Bib. Gregorio Torres Quintero Bib. Gregorio Torres Quintero Planta baja 09/05/2024 27 LB3013.3 M4.8 287146 31/12/2020   1 Libro